<?xml version="1.0" encoding="UTF-8"?>
<record
    xmlns:xsi="http://www.w3.org/2001/XMLSchema-instance"
    xsi:schemaLocation="http://www.loc.gov/MARC21/slim http://www.loc.gov/standards/marcxml/schema/MARC21slim.xsd"
    xmlns="http://www.loc.gov/MARC21/slim">

  <leader>00885    a2200277   4500</leader>
  <controlfield tag="003">CBULib</controlfield>
  <controlfield tag="005">20241211142625.0</controlfield>
  <controlfield tag="008">241211b        |||||||| |||| 00| 0 eng d</controlfield>
  <datafield tag="020" ind1=" " ind2=" ">
    <subfield code="a">9780323485272</subfield>
  </datafield>
  <datafield tag="040" ind1=" " ind2=" ">
    <subfield code="b">English</subfield>
    <subfield code="c">CBULib</subfield>
    <subfield code="e">rda</subfield>
  </datafield>
  <datafield tag="050" ind1=" " ind2=" ">
    <subfield code="a">SF 867 Hol</subfield>
  </datafield>
  <datafield tag="100" ind1=" " ind2=" ">
    <subfield code="a">Holmstrom, Steven E.</subfield>
  </datafield>
  <datafield tag="245" ind1=" " ind2=" ">
    <subfield code="a">Veterinary dentistry : a team approach</subfield>
    <subfield code="c">/ by Steven E. Holmstrom</subfield>
  </datafield>
  <datafield tag="250" ind1=" " ind2=" ">
    <subfield code="a">Third edition.</subfield>
  </datafield>
  <datafield tag="260" ind1=" " ind2=" ">
    <subfield code="b">Elsevier,</subfield>
    <subfield code="c">2019</subfield>
    <subfield code="a">St. Louis :</subfield>
  </datafield>
  <datafield tag="300" ind1=" " ind2=" ">
    <subfield code="a">xiii, 428 pages : illustrations (chiefly color) </subfield>
  </datafield>
  <datafield tag="336" ind1=" " ind2=" ">
    <subfield code="2">rdacontent</subfield>
    <subfield code="a">Text |</subfield>
    <subfield code="b">txt</subfield>
  </datafield>
  <datafield tag="337" ind1=" " ind2=" ">
    <subfield code="2">rdamedia</subfield>
    <subfield code="a">Unmediated |</subfield>
    <subfield code="b">n</subfield>
  </datafield>
  <datafield tag="338" ind1=" " ind2=" ">
    <subfield code="2">rdacarrier</subfield>
    <subfield code="a">Volume</subfield>
    <subfield code="b">nc</subfield>
  </datafield>
  <datafield tag="500" ind1=" " ind2=" ">
    <subfield code="a">Includes a glossary, an index and an appendix</subfield>
  </datafield>
  <datafield tag="650" ind1=" " ind2="0">
    <subfield code="9">4168</subfield>
    <subfield code="a">DENTAL CARE VETERINARY</subfield>
  </datafield>
  <datafield tag="650" ind1=" " ind2="0">
    <subfield code="9">4169</subfield>
    <subfield code="a">DENTISTRY VETERINARY</subfield>
  </datafield>
  <datafield tag="650" ind1=" " ind2="0">
    <subfield code="9">4170</subfield>
    <subfield code="a">HEALTH CARE TEAMS</subfield>
  </datafield>
  <datafield tag="650" ind1=" " ind2="0">
    <subfield code="9">4171</subfield>
    <subfield code="a">PATIENT CARE TEAM</subfield>
  </datafield>
  <datafield tag="942" ind1=" " ind2=" ">
    <subfield code="2">lcc</subfield>
    <subfield code="c">002</subfield>
  </datafield>
  <datafield tag="999" ind1=" " ind2=" ">
    <subfield code="c">85852</subfield>
    <subfield code="d">85852</subfield>
  </datafield>
  <datafield tag="952" ind1=" " ind2=" ">
    <subfield code="0">0</subfield>
    <subfield code="1">0</subfield>
    <subfield code="2">lcc</subfield>
    <subfield code="4">0</subfield>
    <subfield code="7">0</subfield>
    <subfield code="8">LSK</subfield>
    <subfield code="a">010</subfield>
    <subfield code="b">001</subfield>
    <subfield code="c">GEN</subfield>
    <subfield code="d">2024-12-11</subfield>
    <subfield code="e">BOOK AID INTERNATIONAL </subfield>
    <subfield code="g">81.99</subfield>
    <subfield code="o">SF 867 Hol</subfield>
    <subfield code="p">753207</subfield>
    <subfield code="r">2024-12-11</subfield>
    <subfield code="w">2024-12-11</subfield>
    <subfield code="y">002</subfield>
  </datafield>
  <datafield tag="952" ind1=" " ind2=" ">
    <subfield code="0">0</subfield>
    <subfield code="1">0</subfield>
    <subfield code="2">lcc</subfield>
    <subfield code="4">0</subfield>
    <subfield code="7">0</subfield>
    <subfield code="8">LSK</subfield>
    <subfield code="a">010</subfield>
    <subfield code="b">001</subfield>
    <subfield code="c">GEN</subfield>
    <subfield code="d">2024-12-11</subfield>
    <subfield code="e">BOOK AID INTERNATIONAL </subfield>
    <subfield code="g">81.99</subfield>
    <subfield code="o">SF 867 Hol</subfield>
    <subfield code="p">753206</subfield>
    <subfield code="r">2024-12-11</subfield>
    <subfield code="w">2024-12-11</subfield>
    <subfield code="y">002</subfield>
  </datafield>
  <datafield tag="952" ind1=" " ind2=" ">
    <subfield code="0">0</subfield>
    <subfield code="1">0</subfield>
    <subfield code="2">lcc</subfield>
    <subfield code="4">0</subfield>
    <subfield code="7">0</subfield>
    <subfield code="8">MC</subfield>
    <subfield code="a">001</subfield>
    <subfield code="b">001</subfield>
    <subfield code="c">GEN</subfield>
    <subfield code="d">2025-02-18</subfield>
    <subfield code="e">BOOK AID INTERNATIONAL </subfield>
    <subfield code="g">81.99</subfield>
    <subfield code="l">0</subfield>
    <subfield code="o"> SF 867 Hol</subfield>
    <subfield code="p">753453</subfield>
    <subfield code="r">2025-02-18</subfield>
    <subfield code="w">2025-02-18</subfield>
    <subfield code="y">002</subfield>
  </datafield>
  <datafield tag="952" ind1=" " ind2=" ">
    <subfield code="0">0</subfield>
    <subfield code="1">0</subfield>
    <subfield code="2">lcc</subfield>
    <subfield code="4">0</subfield>
    <subfield code="7">0</subfield>
    <subfield code="8">MC</subfield>
    <subfield code="a">001</subfield>
    <subfield code="b">001</subfield>
    <subfield code="c">GEN</subfield>
    <subfield code="d">2025-02-18</subfield>
    <subfield code="e">BOOK AID INTERNATIONAL </subfield>
    <subfield code="g">81.99</subfield>
    <subfield code="l">0</subfield>
    <subfield code="o"> SF 867 Hol</subfield>
    <subfield code="p">753454</subfield>
    <subfield code="r">2025-02-18</subfield>
    <subfield code="w">2025-02-18</subfield>
    <subfield code="y">002</subfield>
  </datafield>
</record>
